Southville International School and Colleges
Your cart is empty.
  • Cart
  • Lists
    Public lists Eva Luna New books Lux_list list_1
    Your lists Log in to create your own lists
  • Log in to your account
  • Your cookies
  • Search history
Southville International School and Colleges
  • Advanced search
  • Recent comments
  • Most popular
  • Libraries

Log in to your account

Log in with GOOGLE


If you do not have an external account, but do have a local account, you can still log in:

  1. Home
  2. MARC view: Geeks vs. jocks /
Normal view MARC view ISBD view

Geeks vs. jocks / (Record no. 276050)

[ view plain ]
MARC details
000 -LEADER
fixed length control field 00466nam a22001697a 4500
005 - DATE AND TIME OF LATEST TRANSACTION
control field 20141009104746.0
008 - FIXED-LENGTH DATA ELEMENTS--GENERAL INFORMATION
fixed length control field 141009b xxu||||| |||| 00| 0 eng d
020 ## - INTERNATIONAL STANDARD BOOK NUMBER
International Standard Book Number 9789719592501
050 ## - LIBRARY OF CONGRESS CALL NUMBER
Classification number PL 5531.6
Item number .Z17 2014
100 ## - MAIN ENTRY--PERSONAL NAME
Personal name Zafra, Jessica.
245 ## - TITLE STATEMENT
Title Geeks vs. jocks /
Statement of responsibility, etc Jessica Zafra.
260 ## - PUBLICATION, DISTRIBUTION, ETC. (IMPRINT)
Place of publication, distribution, etc Makati City, Philippines :
Name of publisher, distributor, etc Jessica Zafra,
Date of publication, distribution, etc c2014.
300 ## - PHYSICAL DESCRIPTION
Extent 160 pages :
Dimensions 19 cm.
650 ## - SUBJECT ADDED ENTRY--TOPICAL TERM
Topical term or geographic name as entry element Geeks.
650 ## - SUBJECT ADDED ENTRY--TOPICAL TERM
Topical term or geographic name as entry element Jocks.
942 ## - ADDED ENTRY ELEMENTS (KOHA)
Source of classification or shelving scheme Library of Congress Classification
Koha item type Books
Call number prefix Local
Holdings
Withdrawn status Lost status Source of classification or shelving scheme Damaged status Home library Current library Shelving location Date acquired Source of acquisition Total Checkouts Total Renewals Full call number Barcode Date last seen Date checked out Price effective from Koha item type
    Library of Congress Classification   College Library College Library Reserve Section 10/09/2014 Library Fund 1 29 PL 5531.6 .Z17 2014 C18806 05/15/2018 01/13/2015 10/09/2014 Books

Geeks vs. jocks /

APA

Zafra J., . (2014). Geeks vs. jocks. Makati City, Philippines: Jessica Zafra.

Chicago

Zafra Jessica, . 2014. Geeks vs. jocks. Makati City, Philippines: Jessica Zafra.

Harvard

Zafra J., . (2014). Geeks vs. jocks. Makati City, Philippines: Jessica Zafra.

MLA

Zafra Jessica, . Geeks vs. jocks. Makati City, Philippines: Jessica Zafra. 2014.

  • Place hold
  • Print
  • Cite
  • Add to your cart (remove)
  • Save record
    BIBTEX Dublin Core MARCXML MARC (non-Unicode/MARC-8) MARC (Unicode/UTF-8) MARC (Unicode/UTF-8, Standard) MODS (XML) RIS
  • More searches
    Search for this title in:
    Other Libraries (WorldCat) Other Databases (Google Scholar) Online Stores (Bookfinder.com) Open Library (openlibrary.org)

Exporting to Dublin Core...

SOUTHVILLE LIBRARY

Southville International School and Colleges Library

1281 Tropical Ave. Cor. Luxembourg St., BF Homes International, Las Pinas City

Tel. No. 8256374 / 252358 Loc. 117/146

Powered by Koha